000 00287nam a22001337a 4500
008 170516b xxu||||| |||| 00| 0 eng d
020 _a0395551226
041 _aeng
080 _a94
100 _a16
101 _aSHH
245 _aWESTERN CIVILAZITION
_cNOBLE ,TH.F
942 _2udc
_cBK
999 _c13465
_d13465